[Event "Krakow-ch 3rd"]
[Site "Krakow"]
[Date "2012.08.14"]
[Round "8.16"]
[White "Bus, Konrad"]
[Black "Bil, Piotr"]
[Result "1-0"]
[WhiteElo "2057"]
[BlackElo "1698"]
[PlyCount "43"]
[EventDate "2012.08.08"]
[EventType "swiss"]
[EventRounds "9"]
[EventCountry "POL"]
[SourceTitle "EXT 2023"]
[Source "ChessBase"]
[SourceDate "2022.10.05"]
[SourceVersion "1"]
[SourceVersionDate "2022.10.05"]
[SourceQuality "1"]

1. d4 Nf6 2. Nf3 g6 3. g3 Bg7 4. Bg2 0-0 5. 0-0 d6 6. c4 Nc6 7. Nc3 h6 8. h3 e5 9. Be3 Nh5 10. dxe5 dxe5 11. Qxd8 Nxd8 12. Nd5 Ne6 13. Ne7+ Kh7 14. Nxc8 Rfxc8 15. Rad1 Rd8 16. Nd2 Nd4 17. Bxd4 exd4 18. Nb3 c6 19. Rd3 Rac8 20. Rfd1 c5 21. Bxb7 Rc7 22. Bf3 1-0